|
|
|
|
| LEADER |
01308nam a2200361 4500 |
| 001 |
000009317 |
| 003 |
5513 |
| 005 |
20120910150926.0 |
| 008 |
111026s2005 viesd |
| 041 |
0 |
|
|a vie
|
| 082 |
|
|
|a 004.21
|b TH-C
|
| 100 |
0 |
|
|a Thạc Bình Cường
|e Chủ biên
|
| 245 |
|
0 |
|a Phân tích và thiết kế hệ thống thông tin
|c Thạc Bình Cường, Nguyễn Thị Tĩnh
|
| 260 |
|
|
|a H.
|b Đại học sư phạm
|c 2005
|
| 300 |
|
|
|a 296tr.
|b Hình vẽ
|c 24 cm
|
| 500 |
|
|
|a Đầu bìa sách ghi: Bộ Giáo dục và Đào tạo. Dự án Đào tạo Giáo viên THCS
|
| 653 |
|
|
|a Tin học
|
| 653 |
|
|
|a Phân tích
|
| 653 |
|
|
|a Thiết kế
|
| 653 |
|
|
|a Hệ thống thông tin
|
| 700 |
|
|
|a Thạc Bình Cường
|e Chủ biên
|
| 700 |
|
|
|a Nguyễn Thị Tĩnh
|e Tác giả
|
| 910 |
|
|
|a Đỗ Phú Quý
|d 26/10/2011
|
| OWN |
|
|
|a LSP
|
| AVA |
|
|
|a UDN50
|b LSP
|d 004.21 TH-C
|e check_holdings
|t Error 5003 Not defined in file expand_doc_bib_avail.
|h N
|k 1
|
| 999 |
|
|
|a From the UDN01
|
| AVA |
|
|
|a UDN50
|b LSP
|d 004.21 TH-C
|e available
|t Error 5001 Not defined in file expand_doc_bib_avail.
|f 45
|g 0
|h N
|i 3
|k 1
|
| TYP |
|
|
|a Monograph
|
| TYP |
|
|
|a Printed language
|
| 980 |
|
|
|a Mạng thư viện Đại học Đà Nẵng
|